[Event "Floripa Chess Open 2024"]
[Site "Florianopolis"]
[Date "2024.01.22"]
[Round "4.110"]
[White "Pavao, Alice Lara Biasi"]
[Black "Nunes, Agatha Hurba"]
[Result "0-1"]
[WhiteElo "1517"]
[BlackElo "1840"]
[PlyCount "91"]
[EventDate "2024.01.20"]
[EventRounds "10"]
[EventCountry "BRA"]

1. c4 {Tsesarsky,I} e6 2. g3 Nf6 3. Bg2 d5 4. d4 Bb4+ 5. Bd2 Bxd2+ 6. Nxd2 O-O
7. Ngf3 Qe7 ({RR} 7... Nbd7 8. O-O c5 9. cxd5 Nxd5 10. Ne4 Qb6 11. Rc1 Qxb2 12.
Rc2 Qb4 13. Nxc5 Nxc5 14. dxc5 Bd7) 8. O-O Nbd7 ({RR} 8... b6 9. Rc1 Bb7 10.
Ne5 ({RR} 10. Qb3 Rd8 11. Rfe1 ({RR} 11. c5 c6 12. Ne5 ({RR} 12. cxb6 axb6 13.
Qxb6 Rxa2 14. Ra1 Ra6 15. Rxa6 Bxa6 16. Re1 Nfd7 17. Qa5 c5 18. e4 dxe4 19.
Nxe4 cxd4 20. Nxd4 Nf6) 12... Nfd7 13. Ndf3 Ba6) 11... Nbd7 12. cxd5 Bxd5 13.
Qc2 c5) ({RR} 10. cxd5 exd5 ({RR} 10... Nxd5 11. e4 Nb4 12. Qb3) ({RR} 10...
Bxd5 11. Qc2 Rc8 12. e4 Bb7 13. e5 Nd5 14. Ne4 Nd7 15. Neg5 Nf8 16. Rfd1 c5)
11. Qa4 a5 ({RR} 11... c5) ({RR} 11... Qxe2 12. Rxc7 Qa6 13. Qxa6 Bxa6 14. Rfc1
) ({RR} 11... c6 12. Rfe1 Nbd7) 12. Rfe1 c6 ({RR} 12... Na6 13. Ne5 c5 14. Qb5)
13. e4 Nxe4 ({RR} 13... dxe4 14. Ne5 Qb4 15. Qxb4 axb4 16. Ra1 c5 17. dxc5 bxc5
18. Nec4 Rd8 19. Nxe4 Nxe4 20. Bxe4 Bxe4 21. Rxe4 Nc6) 14. Nxe4 dxe4 15. Ne5 f6
({RR} 15... Qb4 16. Qc2 f5 17. a3 Qxd4 18. Qb3+ Qd5 19. Qxb6 Nd7)) 10... Nbd7 (
{RR} 10... Rd8 11. Qc2 ({RR} 11. cxd5 exd5 12. Qa4 c5 13. e3 {RR} a6 ({RR} 
13... Nbd7 14. Nc6 Bxc6 15. Qxc6 Rdc8 16. Qa4 ({RR} 16. Qb7 Rcb8 17. Qa6 Re8
18. Nb3 ({RR} 18. Rfd1 cxd4 19. exd4 Qb4 20. Nb3) 18... c4 19. Nd2 Qb4 20. Rc2
Rac8 21. a3) 16... a6 17. dxc5 bxc5 18. Rfd1) ({RR} 13... Nfd7 14. Nd3 a6 ({RR
} 14... c4 15. Nxc4 dxc4 16. Bxb7 cxd3 17. Bxa8) ({RR} 14... a5 15. Rfd1 Na6
16. dxc5 Naxc5 17. Nxc5 Nxc5 ({RR} 17... bxc5 18. Nb3) 18. Qd4) ({RR} 14... Na6
15. Rfd1 ({RR} 15. Bxd5 Bxd5 16. Qxa6 cxd4 17. exd4 Qe2 18. Nb4 Qxd2 19. Nxd5
Qxb2 ({RR} 19... Qxd4 20. Ne7+ Kh8 21. Nc6 Nb8 22. Nxb8 Rdxb8 23. Rc7 Qxb2 24.
Rxf7) 20. Rfd1)) 15. Qa3) 14. Qb3) ({RR} 11. Nd3 c6 12. c5 ({RR} 12. cxd5 exd5
13. e3 Nbd7) 12... Nbd7 13. b4 Ba6 14. Nf3 bxc5 15. bxc5 ({RR} 15. Nxc5 Nxc5
16. Rxc5 Ne4 17. Rxc6 Bb7 18. Rc1 Qxb4 19. Rb1 Qe7 20. Qb3 Ba6) 15... Rab8 16.
Nde5 Nxe5 17. Nxe5 Qc7) 11... c5 12. cxd5 exd5) ({RR} 10... c5 11. cxd5 exd5 ({
RR} 11... Bxd5 12. e4 Bb7 ({RR} 12... Bxa2 13. Qa4) 13. dxc5 bxc5 14. Qc2) 12.
e3 Rc8 ({RR} 12... Nbd7 13. Nxd7 Nxd7 ({RR} 13... Qxd7 14. dxc5) 14. dxc5 bxc5
15. Nb3 Rfd8 16. Na5 ({RR} 16. Bxd5 Nb6 17. e4 Nxd5 18. exd5 Rxd5) 16... Rab8
17. Nxb7 Rxb7 18. Qxd5 Rxb2 19. Rfd1) 13. Qa4 Nc6 14. Ndf3 Ne4 ({RR} 14... Nxe5
15. Nxe5 Qe6 16. Rfd1 a6 17. dxc5 Qxe5 ({RR} 17... bxc5 18. Nd3) 18. c6 Bxc6
19. Rxc6 Qxb2 20. Rxc8+ Rxc8 21. Qxa6 Qc2 22. Rf1) 15. Rfd1 Nxe5 16. Nxe5 a6
17. Qb3 Qe6 18. Bxe4 dxe4 19. Qxe6 fxe6 20. dxc5) 11. Nxd7 Qxd7 12. Qc2 ({RR} 
12. cxd5 exd5 13. Nf3 c6) 12... Rac8 ({RR} 12... Rad8 13. c5 Ba6 14. c6 Qd6 15.
Rfe1) 13. c5 c6 ({RR} 13... bxc5 14. dxc5 ({RR} 14. Qxc5 Qa4 15. Rfd1 ({RR} 15.
Nc4 Ba6 ({RR} 15... Qxa2 16. Ra1 Qxc4 17. Qxc4 dxc4 18. Bxb7 Rcd8 19. Rfd1) 16.
b3 ({RR} 16. Ne5 Bxe2 17. Rfe1 Bh5) 16... Qxa2 17. Ra1 Qxb3 18. Rxa6 Nd7 19.
Qc6 Nb8 20. Qa4 dxc4 21. Rxa7 c5) ({RR} 15. a3 Nd7 16. Qb4 ({RR} 16. Qc3 c5)
16... Qxb4 17. axb4 c6 ({RR} 17... Ba6 18. Ra1 ({RR} 18. Rfe1 Bb5 19. Nb3 c6
20. Na5 ({RR} 20. Nc5 Nxc5 21. bxc5 Rb8) 20... e5 ({RR} 20... Rc7 21. e4 ({RR} 
21. Rc2 Nb8 22. Rec1 Rfc8 23. e4 Bd3) 21... dxe4 22. Bxe4 Nb8 23. d5 exd5 24.
Bxd5 Rd8 25. Bf3) 21. e3 Rfe8 22. Bh3 Rc7 23. Bxd7 Rxd7 24. dxe5 Rc7 ({RR} 
24... Re6 25. f4 ({RR} 25. Rc5 Rxe5 26. Nxc6 Bxc6 27. Rxc6)) 25. f4 Re6 26. Rc5
Rce7 27. Rec1 f6 28. Nxc6 Bxc6 29. Rxc6 fxe5 30. Rxe6 Rxe6 31. Rc8+ Kf7 32.
Rc7+ Kf6 ({RR} 32... Re7 33. Rxe7+ Kxe7 34. Kf2 Kd6 35. Ke2)) 18... Bxe2 19.
Rfe1 Bb5 20. Rxa7 Nb6)) 15... Nd7 16. Qc3 c5) 14... c6 ({RR} 14... Ba6 15. Nf3
({RR} 15. Rfe1 Rb8 16. e4 d4 ({RR} 16... dxe4 17. Nxe4 Nxe4 18. Bxe4) 17. e5 ({
RR} 17. c6 Qc8 18. e5 d3 19. Qc5 ({RR} 19. Qc3 Nd5 20. Bxd5 exd5 21. Nb3 Rb6 ({
RR} 21... Qe6 22. Nd4 Qh6 23. Re3 Rfe8 24. Rce1) 22. Nd4 Re8 23. Re3 Qh3 24.
Rce1 Reb8 25. b3) 19... Rb5 20. Qxa7 Rxb2 21. exf6 Rxd2 22. fxg7 Rd8) 17... d3)
15... Rb8 16. Rfd1 Qb5 17. Rd2 Qa5 ({RR} 17... Ne4 18. Nd4) 18. b3 Ne4 19. Rdd1
Rb5) 15. e4) 14. Qa4 Ba8 ({RR} 14... b5 15. Qa5) 15. e4 dxe4 16. Nxe4 Nxe4 17.
Bxe4 Rfd8 ({RR} 17... b5 18. Qc2 ({RR} 18. Qd1 Rfd8) 18... f5 ({RR} 18... Qxd4
19. Bxh7+) 19. Bg2 Qxd4 20. Rfd1 Qf6 21. Rd6) 18. Rfd1 Qc7 19. b4 g6 ({RR} 
19... e5 20. Bf5 ({RR} 20. cxb6 axb6 21. d5 c5 22. d6 Qb8 ({RR} 22... Rxd6 23.
Bxa8) ({RR} 22... Qd7 23. Qxd7 Rxd7 24. Bf5) 23. d7 Bxe4 ({RR} 23... Rc7 24.
Qxa8) 24. dxc8=Q) 20... Rb8 21. cxb6 axb6 22. d5 g6 23. Be4 f5 24. Bg2 e4 25.
dxc6) ({RR} 19... h6) 20. Qa3 Qe7 21. Qf3 b5 ({RR} 21... Kg7 22. h4) 22. a4
bxa4 ({RR} 22... a6 23. Ra1) 23. Ra1 {Kramnik,V (2770)-Polgar,J (2670)
Dortmund 1997 CBM 060 [Tsesarsky,I] 1-0 (41)}) ({RR} 8... Rd8 9. Qc2 c6 10. e3
Nbd7 11. Rac1 e5 12. dxe5 Nxe5 13. Nxe5 Qxe5 14. Nf3 Qh5 15. cxd5 Nxd5 16. Nd4
Bh3 17. Bxh3 Qxh3 18. Qf5) ({RR} 8... c6) 9. Qc2 c6 ({RR} 9... b6 10. cxd5 Nxd5
11. e4 Nb4 12. Qc3 ({RR} 12. Qxc7 Ba6 13. Rfc1 Rfc8 14. Qf4 Rxc1+ 15. Rxc1 Nd3)
12... c5 13. a3 Na6 14. dxc5 bxc5 ({RR} 14... Naxc5 15. b4) 15. Nc4) 10. c5
$146 ({RR} 10. e4 dxe4 11. Nxe4 e5 12. Rae1 exd4 13. Nxd4 Nc5 14. Nc3 Qd8 15.
Rd1 Qb6 16. b3 Bg4 17. f3 Bh5 18. Nce2 Bg6 19. Qc3 a5 20. a3 Rfe8 21. Nf4 Rad8
22. Kh1 Na6 23. g4 Qc5 24. h4 Qe5 {Wang,Y (2709)-Benidze,D (2514) Shenzhen
2011 1-0 (38)}) ({RR} 10. e4 dxe4 11. Nxe4 Nxe4 12. Qxe4 Nf6 13. Qe3 Rd8 14.
Ne5 Bd7 15. Rad1 Be8 16. h4 Qc7 17. Rfe1 Nd7 18. Nd3 Nf6 19. b3 a5 20. Nc5 b6
21. Ne4 Nxe4 22. Bxe4 Rac8 23. h5 Qe7 24. h6 g6 {Nesterov,A (2522)-Guliev,L  
(2260) chess.com INT 2022 1-0}) ({RR} 10. Rfe1 Rd8 11. e4 Nf8 12. Rad1 Bd7 13.
Ne5 Be8 14. c5 N6d7 15. Nd3 Nf6 16. Ne5 N6d7 17. Nd3 Nf6 18. e5 N6d7 19. f4 Ng6
20. Nf1 Ndf8 21. Ne3 f6 22. exf6 Qxf6 23. Qc3 Bf7 24. Ng4 Qe7 {Szabados,
E-Castiglioni,F Florence 1953 0-1 (87)}) 10... e5 11. Nxe5 Nxe5 12. dxe5 Qxe5
13. Nf3 Qh5 14. Qd2 Re8 15. Rfe1 Bg4 16. Rac1 h6 17. h4 Re7 18. Qf4 Rae8 19.
Qd2 Ne4 20. Qc2 Bf5 21. Qa4 a6 22. Nd4 Bg6 23. e3 Qe5 24. Qd1 Qc7 25. b4 Nf6
26. a4 Qd7 27. Qe2 Be4 28. Bxe4 dxe4 29. Red1 Qh3 30. Qf1 Qc8 31. b5 axb5 32.
axb5 Ng4 33. bxc6 bxc6 34. Rb1 Re5 35. Rdc1 Rd5 36. Rc4 Ne5 37. Rc3 Qg4 38. Kh2
g5 39. Qh3 Nf3+ 40. Nxf3 Qxf3 41. Rb2 Rd1 42. Qg2 Qh5 43. Rb6 Kh7 44. Qh3 gxh4
45. Rxc6 hxg3+ 46. Kg2 0-1

[Event "Floripa Chess Open 2024"]
[Site "Florianopolis"]
[Date "2024.01.22"]
[Round "4.112"]
[White "Spagnollo, Pedro Henrique"]
[Black "Vieira, Jose Renato Braga S"]
[Result "1-0"]
[WhiteElo "1445"]
[BlackElo "1839"]
[PlyCount "121"]
[EventDate "2024.01.20"]
[EventRounds "10"]
[EventCountry "BRA"]

1. e4 c5 2. Nc3 e6 3. Bc4 Ne7 4. f4 d5 5. Bb5+ Nbc6 6. d3 a6 7. Bxc6+ Nxc6 8.
Nf3 Be7 $146 ({RR} 8... dxe4 9. dxe4 Qxd1+ 10. Nxd1 Be7 11. c3 O-O 12. O-O b5
13. Nf2 Rd8 14. Be3 Bb7 15. Rfd1 Na5 16. b3 Kf8 17. Kf1 Rac8 18. Ke2 Ke8 19. g4
Bf6 20. Rxd8+ Kxd8 21. Rc1 Ke8 22. h4 Be7 23. Rd1 {Milla de Marco,C-Gil
Reguera,J (2345) Orense 1996 0-1 (51)}) 9. O-O O-O 10. a4 d4 11. Ne2 Qc7 12.
Bd2 b6 13. h3 Bb7 14. g4 f5 15. g5 e5 16. exf5 Rxf5 17. Ng3 Rff8 18. f5 e4 19.
Nxe4 Rxf5 20. Nh4 Rxf1+ 21. Qxf1 Rf8 22. Qg2 c4 23. Qg4 Ne5 24. Qe6+ Kh8 25.
Rf1 Rxf1+ 26. Kxf1 Bc8 27. Qd5 Bxh3+ 28. Ke2 cxd3+ 29. cxd3 Bg4+ 30. Kf1 Nxd3
31. Qxd4 Bh3+ 32. Ke2 Nc5 33. Bc3 Ne6 34. Qe3 Qc4+ 35. Kd2 Bg4 36. Nf6 Qf4 37.
Qxf4 Nxf4 38. Nxg4 Bxg5 39. Nf3 Nh3+ 40. Nxg5 Nxg5 41. Ke3 h5 42. Nf2 Kg8 43.
Kf4 Ne6+ 44. Kg3 Nc5 45. a5 bxa5 46. Bxa5 Kf7 47. Bb6 Na4 48. Bd4 g5 49. b3 Ke6
50. bxa4 Kd5 51. Bb6 Ke5 52. Nh3 Kf5 53. Nf2 g4 54. a5 Kg5 55. Be3+ Kf5 56. Kh4
Ke5 57. Kxh5 g3 58. Nh3 Ke4 59. Bg1 Kf3 60. Kh4 g2 61. Bb6 1-0

[Event "Floripa Chess Open 2024"]
[Site "Florianopolis"]
[Date "2024.01.22"]
[Round "4.113"]
[White "Trombini, Fabio"]
[Black "Milkievicz Da Rocha, Mateus"]
[Result "1-0"]
[WhiteElo "1822"]
[BlackElo "1468"]
[PlyCount "25"]
[EventDate "2024.01.20"]
[EventRounds "10"]
[EventCountry "BRA"]

1. b3 d5 2. Bb2 Nc6 3. Nf3 Bf5 ({RR} 3... f6 4. c4 d4 5. e3 e5 6. exd4 exd4 7.
Bd3 Nge7 8. O-O g6 9. Na3 Bg7 10. Nc2 f5 11. b4 O-O 12. Re1 Qd6 13. c5 Qd5 14.
b5 Ne5 15. Nxe5 Bxe5 16. Qe2 {1-0 (16) Aravindh,C (2649)-Karttunen,M (2490)
chess.com INT 2023}) 4. e3 a6 ({RR} 4... e6 5. a3 Nf6 6. Nh4 Bg6 7. Nxg6 hxg6
8. d4 Be7 9. c4 Qd7 10. Nd2 a5 11. Nf3 O-O 12. Be2 Rfe8 13. O-O Rad8 14. Qc2
Na7 15. Ne5 Qc8 16. Rac1 c6 17. c5 Nd7 18. Nxd7 Qxd7 19. Qd2 {Trombini,F (1844)
-Garcia Cruz,L Caioba BRA 2023 1-0 (50)}) 5. a3 $146 ({RR} 5. c4 e6 6. Nc3 Nf6
7. Be2 Be7 8. O-O h6 9. d4 O-O 10. Qd2 Re8 11. Rfd1 Bd6 12. a3 Be4 13. b4 dxc4
14. Nxe4 Nxe4 15. Qc2 Nf6 16. Bxc4 Qe7 17. Bd3 e5 18. d5 Nb8 19. e4 Nbd7 {
Deuer,M (2226)-Bach,N (2198) chess.com INT 2021 1-0 (36)}) ({RR} 5. Be2 e6 6.
O-O Nf6 7. d3 Bd6 8. Nh4 Bg6 9. Nxg6 hxg6 10. g3 e5 11. Nd2 Qd7 12. Nf3 Qh3 13.
Re1 g5 14. Bf1 Qh6 15. Bg2 g4 16. Nh4 Ne7 17. e4 dxe4 18. dxe4 g5 19. Nf5 Qxh2+
{Gallego Pau,V-Beltran Roman,A Alzira 1995 1-0 (46)}) 5... e6 6. b4 b5 7. Nc3
d4 8. Nxb5 d3 9. Nbd4 Nxd4 10. Nxd4 dxc2 11. Qf3 Nh6 12. Qc6+ Ke7 13. Bxa6 1-0

[Event "Floripa Chess Open 2024"]
[Site "Florianopolis"]
[Date "2024.01.22"]
[Round "4.114"]
[White "Ribeiro, Regina"]
[Black "De Almeida, Olivan Duarte"]
[Result "1-0"]
[WhiteElo "1822"]
[BlackElo "1432"]
[PlyCount "71"]
[EventDate "2024.01.20"]
[EventRounds "10"]
[EventCountry "BRA"]

1. Nf3 d5 2. b3 c5 3. e3 Nf6 4. Bb2 Nc6 5. Bb5 a6 6. Bxc6+ bxc6 7. d3 g6 ({RR} 
7... a5 8. Nc3 e6 9. Na4 Nd7 10. O-O Qc7 11. e4 dxe4 12. dxe4 c4 13. Re1 e5 14.
Nd2 cxb3 15. cxb3 Be7 16. Nc4 O-O 17. Rc1 Ba6 18. Qh5 f6 19. Qg4 Rf7 20. Red1
Nf8 21. Ncb6 Rb8 22. Nd5 {Miles,A (2609)-Stefanova,A (2452) Cappelle-la-Grande
1999 1-0 (57)}) ({RR} 7... e6 8. Nbd2 Be7 9. Qe2 O-O 10. O-O-O a5 11. a4 Ba6
12. Ne5 Qc7 13. f4 Rab8 14. e4 Rb4 15. Bc3 Rb7 16. g4 dxe4 17. Nxe4 Nd5 18. Bd2
c4 19. dxc4 f6 20. Qe1 fxe5 21. Bxa5 Qb8 22. cxd5 {Ghaith Saeed Alnuaimi (1592)
-Abdulrahim,S (1759) Dubai UAE 2023 0-1}) 8. Nbd2 Bg7 9. O-O O-O 10. Qe2 $146 (
{RR} 10. Rc1 h6 11. Qe2 Be6 12. Rfd1 Qb6 13. c4 Rfc8 14. d4 cxd4 15. exd4 Re8
16. Ne5 Rac8 17. Nxg6 Bg4 18. Nxe7+ Rxe7 19. Qxe7 Bxd1 20. Rxd1 Qa5 21. Qa3 Qc7
22. Re1 Qf4 23. Nf3 Ne4 24. Qxa6 Rc7 {Syre,C (2184)-Heppert,L (1925) Berlin
GER 2018 1-0 (47)}) 10... Nd7 11. Bxg7 Kxg7 12. e4 a5 13. a4 e6 14. Rfe1 Ba6
15. Rad1 Rb8 16. Qe3 h6 17. Qf4 Nb6 18. Ne5 Rc8 19. Ng4 Qg5 20. Qxg5 hxg5 21.
e5 c4 22. dxc4 dxc4 23. Ne4 cxb3 24. cxb3 Rcd8 25. Ngf6 g4 26. Rc1 Bb7 27. Nxg4
Rd4 28. f3 Nd7 29. Nc5 Nxc5 30. Rxc5 Rd5 31. Rec1 Rfd8 32. Ne3 Rxc5 33. Rxc5
Rd3 34. Nc4 Rc3 35. Rxa5 Rxb3 36. Nd6 1-0

[Event "Floripa Chess Open 2024"]
[Site "Florianopolis"]
[Date "2024.01.22"]
[Round "4.115"]
[White "Ribeiro, Erica De Jesus"]
[Black "Da Fonseca Pinto, Joao Gabriel Alves"]
[Result "0-1"]
[WhiteElo "1434"]
[BlackElo "1808"]
[PlyCount "78"]
[EventDate "2024.01.20"]
[EventRounds "10"]
[EventCountry "BRA"]

1. d4 Nf6 2. Nf3 g6 3. g3 Bg7 4. Bg2 O-O 5. O-O d6 6. c4 Nbd7 7. Nc3 e5 8. dxe5
dxe5 9. Nd5 ({RR} 9. Qb3 c6 10. h3 Qa5 11. Qc2 Nb6 12. Nd2 Be6 13. b3 e4 14. e3
Qh5 15. Bb2 Bxh3 16. Ncxe4 Nbd7 17. Rad1 Rae8 18. Nxf6+ Nxf6 19. Bxf6 Bxf6 20.
Ne4 Bg7 21. Nd6 Re7 22. c5 Bg4 23. Rd2 Rd8 {Bindrich,F (2516)-Vachier Lagrave,
M (2718) Puerto Madryn 2009 0-1 (61)}) 9... c6 10. Nxf6+ Qxf6 11. Ng5 $146 ({RR
} 11. Bg5 Qe6 12. Rc1 h6 13. Be3 Qe7 14. Qb3 Re8 15. Rfd1 Nf8 16. Rc2 Be6 17.
Qa4 Rad8 18. Rcd2 Rxd2 19. Rxd2 b6 20. Ne1 c5 21. Bd5 Bh3 22. f3 Kh7 23. Bf2 f5
24. e4 f4 25. Qb3 h5 {Kapu,J-Hajtun,J Budapest 1951 0-1 (49)}) ({RR} 11. Qc2
Qe7 12. Nd2 f5 13. b3 e4 14. Bb2 e3 15. Bxg7 Kxg7 16. Qc3+ Qe5 17. Qxe3 Qxe3
18. fxe3 Ne5 19. e4 Be6 20. Rad1 Ng4 21. exf5 gxf5 22. Rf3 Rad8 23. Rd3 Ne5 24.
Rxd8 Rxd8 25. Bh3 Kf6 {Tong,H (1486)-Terletsky,O (2191) chess.com INT 2021 1/
2-1/2 (74)}) ({RR} 11. Bg5 Qe6 12. Qc2 f5 13. Bd2 h6 14. h4 Nf6 15. Bh3 Qe7 16.
Bc3 Ne4 17. Be1 g5 18. hxg5 hxg5 19. Bg2 Be6 20. Nd2 Nf6 21. Nf3 Nh5 22. Bd2 g4
23. Nh4 Qf6 24. b3 Rad8 25. Rad1 c5 {Smelov,A (2212)-Bodnaruk,A St Petersburg
2002 1/2-1/2 (35)}) 11... h6 12. Ne4 Qe6 13. Qc2 f5 14. Nd2 e4 15. Rb1 e3 16.
Nf3 exf2+ 17. Kxf2 Nf6 18. Kg1 Ne4 19. Rd1 Qe7 20. Nd4 Bd7 21. e3 Be8 22. b3 c5
23. Bxe4 fxe4 24. Nb5 a6 25. Nc3 Bc6 26. Bb2 Qg5 27. Re1 Rae8 28. Qe2 Rf3 29.
Nd1 Ref8 30. Bxg7 Kxg7 31. Rc1 h5 32. Qg2 Bd7 33. Qb2+ Kh7 34. Rc2 Bh3 35. Rf2
h4 36. Rxf3 Rxf3 37. Nf2 Rxg3+ 38. Kh1 Bg2+ 39. Kg1 Bf3+ 0-1

[Event "Floripa Chess Open 2024"]
[Site "Florianopolis"]
[Date "2024.01.22"]
[Round "4.116"]
[White "Samaniego, Diego Pinheiro"]
[Black "Gomes, Adrian Felipe L"]
[Result "1-0"]
[WhiteElo "1806"]
[BlackElo "1416"]
[PlyCount "65"]
[EventDate "2024.01.20"]
[EventRounds "10"]
[EventCountry "BRA"]

1. c4 c5 2. g3 g6 3. Bg2 Bg7 4. Nc3 Nc6 5. Nf3 d6 6. O-O Nf6 7. d3 O-O 8. Rb1
Bg4 9. h3 Bxf3 ({RR} 9... Bd7 10. a3 a5 11. Kh2 e5 12. Bg5 h6 13. Bxf6 Bxf6 14.
Nd5 Bg7 15. Nd2 Be6 16. Nc3 Kh7 17. Bd5 Qd7 18. Bg2 f5 19. e3 f4 20. Nde4 Rf7
21. Nd2 Raf8 22. Qe2 Ra8 23. Qd1 Rff8 24. Nde4 {Bojkovic,N (2424)-Dzagnidze,N 
(2309) Antalya 2002 0-1 (45)}) 10. Bxf3 Nd7 $146 ({RR} 10... Qd7 11. Bg2 e6 12.
Be3 h6 13. a3 b6 14. b4 Rac8 15. bxc5 dxc5 16. Qa4 Nd4 17. Qa6 Rce8 18. Bxd4
cxd4 19. Nb5 Re7 20. Rfc1 Rb8 21. a4 Ne8 22. a5 bxa5 23. Qxa5 Nd6 24. Nxd6 Qxd6
25. Rb5 {Vallespir Salor,G (2106)-Gonzalez,A (2067) Palma de Mallorca 2002 1/
2-1/2}) ({RR} 10... Qd7 11. Bg2 Rab8 12. a3 h5 13. Bd2 Nd4 14. e3 Ne6 15. f4
Nc7 16. Qe2 b5 17. b4 Rfd8 18. e4 bxc4 19. dxc4 Ne6 20. b5 Nd4 21. Qd3 e6 22.
a4 Qc7 23. Kh1 d5 24. cxd5 exd5 25. e5 {Cori,J (2636)-Zapata Montoya,A (2042)
Sabaneta Antioquia COL 2023 1-0 (34)}) ({RR} 10... Qd7 11. Bg2 Ne8 12. Bd2 h6
13. a3 Nc7 14. b4 cxb4 15. axb4 Ne6 16. Nd5 Ncd4 17. Bc3 Nc7 18. e3 Nxd5 19.
Bxd5 Ne2+ 20. Qxe2 Bxc3 21. Rfc1 Bg7 22. d4 Rab8 23. Qf3 e6 24. Be4 Rfc8 25. b5
{Kampitsis,V (1919)-Mitridis,D (1600) Chalkida 2009 1/2-1/2 (55)}) 11. Bg2 Rb8
12. Bd2 a6 13. a3 Nce5 14. b4 cxb4 15. axb4 b5 16. cxb5 axb5 17. Qb3 e6 18. Kh2
Qb6 19. Be3 Qc7 20. Rfc1 Qd8 21. f4 d5 22. fxe5 Bxe5 23. Bf4 Bxf4 24. gxf4 Qh4
25. Rf1 Nf6 26. Kg1 Nh5 27. e3 d4 28. Ne2 dxe3 29. d4 Rfd8 30. Qxe3 Rd5 31.
Bxd5 exd5 32. Rb3 Nf6 33. Qg3 1-0

[Event "Floripa Chess Open 2024"]
[Site "Florianopolis"]
[Date "2024.01.22"]
[Round "4.118"]
[White "Nakata, Thifanni Harumi"]
[Black "Pontes, Luiz Felizola Lima"]
[Result "1-0"]
[WhiteElo "1785"]
[BlackElo "1430"]
[PlyCount "47"]
[EventDate "2024.01.20"]
[EventRounds "10"]
[EventCountry "BRA"]

1. d4 d5 2. c4 c6 3. Nc3 Nf6 4. Nf3 e6 5. e3 Nbd7 6. Bd3 dxc4 7. Bxc4 b5 8. Bd3
Bb7 9. O-O a6 10. Qe2 c5 11. Rd1 Qb6 12. Bc2 Be7 13. e4 cxd4 14. Nxd4 Bc5 15.
Nb3 O-O 16. Nxc5 Nxc5 $146 ({RR} 16... Qxc5 17. Bf4 Rfc8 18. Rac1 Qb6 19. e5
Nd5 20. Nxd5 Bxd5 21. Qd3 Nf8 22. b3 Qb7 23. Qg3 Rc6 24. Bd3 Rac8 25. Rxc6 Rxc6
26. h4 Ng6 27. Bxg6 hxg6 28. h5 Rc2 29. h6 Qe7 30. hxg7 f5 31. exf6 {Ringel,
Z-Tomczak,R (2090) Malmo 1998 0-1 (34)}) 17. e5 Nd5 18. Nxd5 Bxd5 19. Qh5 Be4
20. Bxe4 Nxe4 21. Be3 Qc7 22. Rac1 Qe7 23. f3 g6 24. Qh6 1-0

[Event "Floripa Chess Open 2024"]
[Site "Florianopolis"]
[Date "2024.01.22"]
[Round "4.119"]
[White "Cardoso, Maria Paula Da Silv"]
[Black "Oliveira, Andre Pereira Marti"]
[Result "1-0"]
[WhiteElo "1780"]
[BlackElo "1333"]
[PlyCount "85"]
[EventDate "2024.01.20"]
[EventRounds "10"]
[EventCountry "BRA"]

1. e4 c6 2. d4 d5 3. f3 e6 4. Nc3 Qb6 5. a3 Nd7 ({RR} 5... Be7 6. Be3 Nd7 7.
Bd3 Ngf6 8. Bf2 dxe4 9. fxe4 Ng4 10. Nf3 Nxf2 11. Kxf2 e5 12. Ne2 exd4 13. e5
Qc7 14. Nexd4 Nxe5 15. Re1 Ng4+ 16. Kg1 O-O 17. h3 Nf6 18. Qd2 Bd6 19. Ne2 Be6
20. Ng5 {Tomczak,J (2604)-Bluebaum,M (2674) Polanica Zdroj POL 2021 0-1 (40)})
({RR} 5... Nf6 6. e5 Nfd7 7. f4 c5 8. Be3 cxd4 9. Bxd4 Bc5 10. Nb5 Bxd4 11.
Qxd4 Qxd4 12. Nxd4 a6 13. Ngf3 Nc6 14. Bd3 Ke7 15. O-O Nc5 16. b4 Na4 17. Rab1
Nxd4 18. Nxd4 b5 19. f5 Nb6 20. Rbe1 {Li,Y (1670)-Gao,K (1812) Hefei CHN 2023
1/2-1/2 (40)}) 6. Nge2 c5 $146 ({RR} 6... dxe4 7. fxe4 e5 8. dxe5 Bc5 9. Ng3
Bf2+ 10. Ke2 Nxe5 11. Nf5 Bxf5 12. exf5 Rd8 13. Qxd8+ Kxd8 14. Ne4 Bh4 15. Bf4
Qxb2 16. Rd1+ Ke7 17. g3 Qxc2+ 18. Nd2 Bf6 19. Bg2 Nh6 20. Be4 Qa4 21. h3 {
Soto Vega,J (2363)-Ostrovskiy,A (2425) chess.com INT 2020 0-1}) ({RR} 6... g6
7. g3 Bg7 8. Bg2 Ne7 9. Na4 Qc7 10. b4 b6 11. O-O Ba6 12. c3 O-O 13. e5 c5 14.
Bg5 Nc6 15. Re1 Bb5 16. Rb1 Rfb8 17. Nb2 a5 18. c4 Bxc4 19. Nxc4 dxc4 20. b5
Nxd4 21. f4 {Das,A (2493)-Ivanov,M (2392) Lueneburg 2013 0-1}) 7. exd5 Ndf6 8.
dxe6 Bxe6 9. d5 Rd8 10. Nf4 Ne7 11. Nxe6 fxe6 12. Bb5+ Kf7 13. dxe6+ Qxe6+ 14.
Qe2 Qxe2+ 15. Bxe2 g6 16. Bc4+ Kg7 17. O-O Nc6 18. Ne2 Ne5 19. Ba2 c4 20. f4
Bc5+ 21. Kh1 Neg4 22. h3 Ne4 23. hxg4 g5 24. g3 h5 25. Bxc4 hxg4+ 26. Kg2 Rh3
27. Be6 Rdh8 28. Bxg4 Rh2+ 29. Kf3 Rxe2 30. Kxe2 Nxg3+ 31. Kd3 Nxf1 32. fxg5
Rf8 33. b4 Bd6 34. Bb2+ Kg6 35. Bf6 Nh2 36. Be2 Re8 37. Rg1 Bf4 38. Rg2 Re3+
39. Kc4 Rxa3 40. Bd3+ Rxd3 41. Kxd3 Nf3 42. Ke4 Nxg5+ 43. Kxf4 1-0

[Event "Floripa Chess Open 2024"]
[Site "Florianopolis"]
[Date "2024.01.22"]
[Round "4.120"]
[White "Altenhofen, Guilherme Graneto"]
[Black "Ribeiro Jr, Valdir Uchoa"]
[Result "0-1"]
[WhiteElo "1425"]
[BlackElo "1780"]
[PlyCount "42"]
[EventDate "2024.01.20"]
[EventRounds "10"]
[EventCountry "BRA"]

1. e4 c5 2. Nf3 e6 3. d4 cxd4 4. Nxd4 Nf6 5. Nc3 Nc6 6. f3 a6 ({RR} 6... Bb4 7.
a3 Bxc3+ 8. bxc3 d5 9. Bd3 dxe4 10. fxe4 Nxd4 11. cxd4 Nxe4 12. Qf3 Qa5+ 13.
Ke2 Nf6 14. Bd2 Qd5 15. Raf1 O-O 16. c4 Qxd4 17. Bc3 Qg4 18. Bxf6 Qxf3+ 19.
Rxf3 gxf6 20. Rxf6 Kg7 21. Rhf1 {Cao,S (2540)-Pham,M (2456) Can Tho 2003 0-1  
(51)}) 7. Be3 ({RR} 7. a3 d5 8. Bg5 Be7 9. Nxc6 bxc6 10. e5 Nd7 11. Bxe7 Qxe7
12. f4 Rb8 13. b4 a5 14. b5 Qc5 15. Qd3 O-O 16. a4 Nb6 17. bxc6 Qxc6 18. Nb5
Nc4 19. Be2 Qc5 20. Rb1 Ba6 21. Rf1 Rfc8 {Gulamirian,K (1816)-Gasparyan,D  
(2189) chess.com INT 2023 0-1 (44)}) 7... Bb4 8. Be2 $146 ({RR} 8. Nxc6 bxc6 9.
Bd2 d5 10. exd5 cxd5 11. Bd3 Bb7 12. a3 Ba5 13. Qe2 Qc7 14. O-O-O O-O 15. g4
Rfc8 16. h4 e5 17. Bf5 d4 18. Na2 Rd8 19. Bxa5 Qxa5 20. Nb4 Qa4 21. h5 a5 22.
Nd3 Nd5 {Castro,J (2082)-Acevedo,J (2168) Bogota 2008 1-0}) ({RR} 8. Qd2 d5 9.
a3 Qa5 10. Bd3 Bxc3 11. bxc3 Bd7 12. O-O Rc8 13. Nb3 Qc7 14. Nc5 Ne5 15. f4
Nxd3 16. cxd3 dxe4 17. dxe4 Bc6 18. Qc2 b6 19. Nxa6 Qb7 20. Nb4 Bxe4 21. Qb2
O-O 22. Rfc1 b5 {Sowa,M-Laszewicz,P (2220) Dzierzoniow 2007 0-1 (34)}) 8... O-O
9. O-O d5 10. exd5 Nxd5 11. Nxd5 Qxd5 12. Nxc6 Qxc6 13. c3 Bd6 14. Qc2 Bd7 15.
Bd3 f5 16. Rad1 Rad8 17. Qd2 Bc8 18. Rfe1 e5 19. Bf2 Kh8 20. Bh4 Rde8 21. Bxf5
Bc5+ 0-1